| 000 | 00725nam a22001937a 4500 | ||
|---|---|---|---|
| 008 | 160926b xxu||||| |||| 00| 0 eng d | ||
| 020 | _a0192831550 | ||
| 050 | _aPR 2894 .S4 1991 | ||
| 100 | _aSchoenbaum, S. | ||
| 245 |
_aShakespeare's Lives/ _cS. Schoenbaum |
||
| 260 |
_aNew York: _bOxford University Press, _c1991 |
||
| 300 |
_axix, 612p. : _bill. ; |
||
| 500 | _aIncludes indexes | ||
| 650 |
_aShakespeare, William, 1564-1616 _xBiography |
||
| 650 | _aShakespeare, William, 1564-1616, in fiction, drama, poetry etc. | ||
| 650 |
_aDramatists, English _xEarly mordern, 1500-1700 _yBiography _zHistory and critisism |
||
| 650 | _aBiography (as a literaly form) | ||
| 942 |
_2lcc _cBOOKS _hPR 2894 .S4 1991 |
||
| 999 |
_c14060 _d14060 |
||